Metodika pestovania sóje fazuľovej v podmienkach Slovenskej republiky

Bibliographic Details
Main Authors: Žák, Štefan (poľnohospodársky odborník) (Author), Hašana, Roman (Author), Bušo, Rastislav (Author)
Format: Book
Language:Slovak
PhysicalDescription:12 s. fareb. fotogr., grafy, tab. 29 cm
Published: Nitra Profi Press SK 2014
ISBN:9788097057244 (brož.)
Edition:1. vyd.
Series:Praktická príručka
Subjects:

MARC

LEADER 00000nam a2200000 a 4500
001 vtls010614355
003 SK-MaSNL
005 20260302050801.0
008 160429s2014 xo oda g 000 0 slo
015 |a SNBA2014/10 
020 |a 9788097057244 (brož.) 
035 |a FB94CEBD-09DA-455B-B99A-4144541DAEC6 
035 |a urn:nbn:sk:snk-amkcu9 
035 |a urn:nbn:sk:snk-am003dmy 
040 |a SNK  |b slo  |c SNK  |e AACR2 
041 0 |a slo 
043 |a e-xo--- 
044 |a xo  |c SK 
072 7 |a 633  |x Rastlinná výroba  |2 konspekt 
080 |a 633.34  |2 2001 
080 |a 633  |2 2001 
080 |a (437.6)  |2 2001 
080 |a (041)  |2 2001 
080 |a 635.6  |2 2001 
100 1 |a Žák, Štefan  |c (poľnohospodársky odborník)  |4 aut  |9 7920 
245 1 0 |a Metodika pestovania sóje fazuľovej v podmienkach Slovenskej republiky  |c Štefan Žák, Roman Hašana, Rastislav Bušo 
250 |a 1. vyd. 
260 |a Nitra  |b Profi Press SK  |c 2014 
300 |a 12 s.  |b fareb. fotogr., grafy, tab.  |c 29 cm 
490 1 |a Praktická príručka 
500 |a Náz. z obalu 
650 0 7 |a sója  |2 SNKPH  |9 19446 
650 0 7 |a Soybean  |2 SNKPHeng  |9 361018 
650 0 7 |a pestovanie poľných rastlín  |2 SNKPH  |9 31784 
650 0 7 |a Field crops cultivation  |2 SNKPHeng  |9 317676 
650 0 7 |a strukoviny  |2 SNKPH  |9 3975 
650 0 7 |a Pulses  |2 SNKPHeng  |9 336294 
650 0 7 |a sója fazuľová  |2 SNKPH  |9 75776 
655 7 |a brožúry  |2 SNKPH  |9 70146 
655 7 |a Brochures  |2 SNKPHeng  |9 283327 
700 1 |a Hašana, Roman  |4 aut  |9 20480 
700 1 |a Bušo, Rastislav  |4 aut  |9 313828 
919 |a 978-80-970572-4-4 
999 |c 1098374  |d 1100304 
952 |a SNK  |b SNK  |y PREZ  |7 0  |p 17A1114769  |o snkSB 86986  |i snk2014/17117  |8 0  |0 0  |1 0  |4 0  |d 2014-08-14  |f 1  |l 0  |r 2025-05-07 00:00:00  |w 2026-02-24 
952 |a SNK  |b SNK  |y VYP  |7 0  |p 17A1114768  |o snkSB 86986 D1  |i snk2014/17118  |8 0  |0 0  |1 0  |4 0  |d 2014-08-14  |l 0  |r 2016-06-30 00:00:00  |w 2026-02-24